[Event "2024 British Rapidplay Championship"]
[Site "Holiday Inn Peterborough - West"]
[Date "2024.03.03"]
[Round "10.41"]
[White "Lim, Mark"]
[Black "Fellowes, Billy"]
[Result "0-1"]
[WhiteFideId "417734"]
[BlackFideId "483540"]
[WhiteElo "1835"]
[BlackElo "1959"]
[EventDate "2024.03.02"]

1. Nf3 d5 2. d4 Nf6 3. c4 c6 4. cxd5 cxd5 5. Nc3 Nc6 6. Bf4 e6 7. e3 Bb4 8. Bd3 h6
9. O-O O-O 10. a3 Bd6 11. Rc1 Bxf4 12. exf4 Qb6 13. Na4 Qc7 14. Qd2 Qd6 15. b4 Ne4
16. Bxe4 dxe4 17. Ne5 Qxd4 18. Qxd4 Nxd4 19. Rfe1 f5 20. Rc7 b6 21. g3 Ba6 22. Kg2
Rfc8 23. Rec1 Nb5 24. Rxc8+ Rxc8 25. Rc6 Rxc6 26. Nxc6 Bb7 27. Nd8 Bd5 28. Nxb6 axb6
29. a4 Nc7 30. a5 bxa5 31. bxa5 Kf8 0-1

[Event "2024 British Rapidplay Championship"]
[Site "Holiday Inn Peterborough - West"]
[Date "2024.03.03"]
[Round "10.42"]
[White "Quilter, Thomas A"]
[Black "Gevorgyan, Albert"]
[Result "0-1"]
[WhiteFideId "408530"]
[BlackFideId "13323946"]
[WhiteElo "2051"]
[BlackElo "1899"]
[EventDate "2024.03.02"]

1. e4 e5 2. Nf3 Nc6 3. Bc4 Nf6 4. d3 Bc5 5. c3 d6 6. b4 Bb6 7. O-O h6 8. Nbd2 O-O
9. Bb3 Be6 10. Nc4 Bxc4 11. Bxc4 d5 12. exd5 Nxd5 13. Qb3 Nf6 14. a4 a6 15. Re1 Qd6
16. Ba3 Ng4 17. Ra2 Qf6 18. h3 Bxf2+ 19. Rxf2 Nxf2 20. Kxf2 Rfe8 21. Kg1 Rad8 22.
Rf1 Rd7 23. Nd2 Qg6 24. Ne4 Nd8 25. Nc5 Rde7 26. b5 axb5 27. Bxb5 c6 28. Bc4 Rc7
29. Qb6 Rce7 30. a5 Kh8 31. Ne4 Rd7 32. Qf2 Ne6 33. Nd6 Nf4 34. Qh4 Qxg2# 0-1

[Event "2024 British Rapidplay Championship"]
[Site "Holiday Inn Peterborough - West"]
[Date "2024.03.03"]
[Round "10.43"]
[White "Crawford, Owen"]
[Black "Walton, Alan J"]
[Result "0-1"]
[WhiteFideId "343409393"]
[BlackFideId "409898"]
[WhiteElo "1917"]
[BlackElo "2063"]
[EventDate "2024.03.02"]

1. e4 e6 2. d4 d5 3. Nd2 a6 4. Ngf3 Nf6 5. e5 Nfd7 6. Bd3 c5 7. c3 Nc6 8. O-O g5
9. b3 g4 10. Ne1 cxd4 11. cxd4 h5 12. Bb2 Qg5 13. f4 Qh6 14. Qe2 Bg7 15. f5 exf5
16. Bxf5 O-O 17. Rc1 Re8 18. Qf2 f6 19. Bxd7 Bxd7 20. exf6 Rf8 21. f7+ Kh8 22. Ba3
Bxd4 23. Bxf8 Rxf8 24. Nc2 Bxf2+ 25. Rxf2 Ne5 26. Rcf1 Bb5 27. Rf5 Bxf1 28. Nxf1
Nxf7 29. Rxd5 Qb6+ 30. Nce3 Re8 31. Rxh5+ Kg7 32. Kf2 Kg6 33. Rd5 Ng5 34. Ke2 Ne4
35. Kd3 Qc6 36. h4 Qc3+ 37. Ke2 Ng3+ 38. Kf2 Nxf1 39. Nxf1 Qe1+ 40. Kg1 Rf8 41. Rd6+
Kg7 42. Rd7+ Kg8 0-1

[Event "2024 British Rapidplay Championship"]
[Site "Holiday Inn Peterborough - West"]
[Date "2024.03.03"]
[Round "10.44"]
[White "Kryshtafor, Maksym"]
[Black "Lishoy Gengis Paratazham, Dildarav"]
[Result "0-1"]
[WhiteFideId "34129227"]
[BlackFideId "491462"]
[WhiteElo "1660"]
[BlackElo "1913"]
[EventDate "2024.03.02"]

1. e4 d6 2. d4 Nf6 3. Nc3 e5 4. dxe5 dxe5 5. Qxd8+ Kxd8 6. Nf3 Bd6 7. Bg5 Be6 8.
O-O-O Nbd7 9. Nb5 Ke7 10. Nxd6 cxd6 11. a3 h6 12. Bxf6+ gxf6 13. Be2 Rac8 14. c3
Nc5 15. Bd3 Rhg8 16. Rhg1 Rg4 17. h3 Rf4 18. Rge1 Bxh3 19. gxh3 Rxf3 20. Kc2 Rxf2+
21. Rd2 Rxd2+ 22. Kxd2 Rg8 23. Bc4 Rg2+ 24. Kc1 Rg3 25. Rh1 Nxe4 26. Bd5 Nc5 27.
b4 Nd3+ 28. Kc2 b6 29. h4 Nf4 30. Be4 d5 31. Bf5 Ne2 32. Kd2 Nxc3 33. Rc1 d4 34.
a4 Kd6 35. a5 bxa5 36. bxa5 Rg2+ 37. Kd3 Kd5 38. a6 e4+ 39. Bxe4+ Nxe4 40. Rd1 Nc5#
0-1

[Event "2024 British Rapidplay Championship"]
[Site "Holiday Inn Peterborough - West"]
[Date "2024.03.03"]
[Round "10.45"]
[White "Bevis, Noah"]
[Black "Yu, Rock"]
[Result "0-1"]
[WhiteFideId "343434630"]
[BlackFideId "489000"]
[WhiteElo "1454"]
[BlackElo "1907"]
[EventDate "2024.03.02"]

1. e4 Nf6 2. e5 Nd5 3. c4 Nb6 4. d4 d6 5. exd6 cxd6 6. Nf3 g6 7. Nc3 Bg7 8. Be2 O-O
9. O-O Bg4 10. h3 Bxf3 11. Bxf3 Nc6 12. Bxc6 bxc6 13. b3 d5 14. c5 Nd7 15. f4 Nxc5
16. dxc5 Bxc3 17. Rb1 Bg7 18. Bb2 d4 19. Qd2 Qd5 20. Rfc1 f6 21. Qxd4 Qxd4+ 22. Bxd4
e5 23. fxe5 fxe5 24. Be3 Rad8 25. Rd1 e4 26. Rd6 Be5 27. Rxc6 Rd3 28. Re1 Rxe3 29.
Rxe3 Bd4 30. Re6 Bxe3+ 31. Kh2 Bxc5 32. Rxe4 Bd6+ 33. Kg1 Rc8 34. Re1 Bg3 35. Rd1
Rc2 36. a4 Rb2 37. Kf1 Bc7 38. Rd3 Bb6 39. Rf3 h6 40. Rf6 Kg7 41. Rf3 g5 42. g3 h5
43. Ke1 Rh2 44. g4 hxg4 45. hxg4 Rg2 46. Rf5 Kg6 47. Rd5 Rxg4 48. a5 Rd4 49. Rb5
Bd8 50. Kf2 Rf4+ 51. Kg2 Rf5 52. Rb8 Bxa5 53. Rb7 Bb6 54. Rd7 Rb5 55. Rd3 g4 56.
Kg3 Kg5 57. Rc3 Rf5 58. b4 Rf3+ 59. Rxf3 gxf3 60. Kxf3 Kf5 61. Ke2 Ke4 62. Kd2 Kd4
63. Kc2 Kc4 64. Kb2 Kxb4 65. Ka2 Bd4 66. Kb1 Kb3 0-1

[Event "2024 British Rapidplay Championship"]
[Site "Holiday Inn Peterborough - West"]
[Date "2024.03.03"]
[Round "10.46"]
[White "Dicen, Elis Denele"]
[Black "Borrowdale, Graham E"]
[Result "1-0"]
[WhiteFideId "462560"]
[BlackFideId "416673"]
[WhiteElo "1892"]
[BlackElo "1905"]
[EventDate "2024.03.02"]

1. d4 Nf6 2. c4 e6 3. Nc3 Bb4 4. e3 c5 5. Nge2 Nc6 6. a3 Bxc3+ 7. Nxc3 cxd4 8. exd4
d5 9. cxd5 Nxd5 10. Bc4 O-O 11. O-O Nb6 12. Bd3 Nxd4 13. Be3 e5 14. Qh5 f5 15. Rad1
Qf6 16. Rfe1 Bd7 17. Bg5 Qd6 18. Bb1 Rae8 19. Qh4 Bc6 20. Ba2+ Kh8 21. b4 Nd5 22.
Nxd5 Bxd5 23. Bxd5 Qxd5 24. Be7 Rf7 25. Bc5 Qc6 26. Bxd4 exd4 27. Qxd4 Rxe1+ 28.
Rxe1 h6 29. h3 Rd7 30. Qxa7 Qc3 31. Qe3 Rd3 32. Qe8+ Kh7 33. Qe6 Qf6 34. Qxf6 gxf6
35. Re3 Rd1+ 36. Kh2 Kg6 37. Kg3 Rd4 38. Rc3 f4+ 39. Kf3 Kf5 40. Rc5+ Kg6 41. Ke2
Rd6 42. a4 Ra6 43. a5 Rd6 44. Rb5 Rd7 45. Kf3 Rd3+ 46. Kxf4 Rd7 47. g4 Rd4+ 48. Kg3
Rd3+ 49. f3 Rd7 50. h4 Re7 51. Rb6 Kg7 52. b5 Rd7 53. a6 bxa6 54. bxa6 Kg6 55. Rb7
1-0

[Event "2024 British Rapidplay Championship"]
[Site "Holiday Inn Peterborough - West"]
[Date "2024.03.03"]
[Round "10.47"]
[White "McCusker, Andrew"]
[Black "Herring, Sam AC"]
[Result "1-0"]
[WhiteFideId "2404281"]
[BlackFideId "429767"]
[WhiteElo "1786"]
[BlackElo "1895"]
[EventDate "2024.03.02"]

1. d4 d5 2. c4 e6 3. Nf3 Nf6 4. Nc3 a6 5. cxd5 exd5 6. Bg5 Be6 7. e3 Nbd7 8. Bd3
Bd6 9. Qc2 c6 10. O-O h6 11. Bh4 O-O 12. Na4 Re8 13. Nc5 Nxc5 14. dxc5 Bc7 15. b4
Bg4 16. Nd4 g5 17. Bg3 Bxg3 18. hxg3 Ne4 19. f3 Nxg3 20. fxg4 Nxf1 21. Rxf1 Rxe3
22. Nf5 Re6 23. Ng3 Qe7 24. Qf2 a5 25. Nh5 axb4 26. Qf5 Rg6 27. Qf2 Re6 28. Qd4 Qf8
29. Nf6+ Rxf6 30. Qxf6 Qxc5+ 31. Kh1 Qf8 32. Bg6 Qg7 33. Bxf7+ Kh8 34. Qe6 Rf8 35.
Rf6 Kh7 36. Kg1 d4 37. Kf2 c5 38. Ke2 c4 39. Kd2 d3 40. Bg6+ Kh8 41. Rxf8+ Qxf8 42.
Qe5+ Qg7 43. Qxg7+ Kxg7 44. Be4 Kf6 45. Bxb7 Ke5 46. Ke3 Kd6 47. Kd4 d2 48. Bf3 c3
49. Bd1 Ke6 50. Kc4 Ke5 51. Kxb4 Kd4 52. Bc2 1-0

[Event "2024 British Rapidplay Championship"]
[Site "Holiday Inn Peterborough - West"]
[Date "2024.03.03"]
[Round "10.48"]
[White "Vashisht-Pigem, Raman"]
[Black "Graff, Ben"]
[Result "1-0"]
[WhiteFideId "469734"]
[BlackFideId "424170"]
[WhiteElo "1990"]
[BlackElo "1782"]
[EventDate "2024.03.02"]

1. e4 e6 2. d4 d5 3. Nd2 dxe4 4. Nxe4 Bd7 5. Nf3 Bc6 6. Bd3 Nd7 7. Qe2 Ngf6 8. Nxf6+
Nxf6 9. Bf4 Bxf3 10. Qxf3 c6 11. O-O-O Qa5 12. Kb1 Nd5 13. Bd2 Qb6 14. Bc4 Qxd4 15.
Bb3 Qb6 16. c4 Nf6 17. g4 Bc5 18. g5 Nd7 19. Bc3 e5 20. Rxd7 Kxd7 21. Qxf7+ Be7 22.
Rd1+ Kc8 23. Qxe7 Rd8 24. Qe6+ Kb8 25. Bxe5+ Qc7 26. Rxd8# 1-0

[Event "2024 British Rapidplay Championship"]
[Site "Holiday Inn Peterborough - West"]
[Date "2024.03.03"]
[Round "10.49"]
[White "Burrows, Martin P"]
[Black "Sasikumar, Srivathsan"]
[Result "1-0"]
[WhiteFideId "409057"]
[BlackFideId "343401279"]
[WhiteElo "2057"]
[BlackElo "1766"]
[EventDate "2024.03.02"]

1. e4 c5 2. Nf3 Nc6 3. Bb5 e6 4. Bxc6 bxc6 5. b3 d5 6. d3 Nf6 7. Nbd2 Be7 8. O-O
O-O 9. Bb2 Nd7 10. Re1 f6 11. e5 fxe5 12. Nxe5 Nxe5 13. Bxe5 Bf6 14. Nf3 Qe7 15.
Qe2 Bd7 16. c3 Bxe5 17. Nxe5 Rf6 18. d4 cxd4 19. cxd4 Raf8 20. f3 c5 21. Qe3 cxd4
22. Qxd4 Be8 23. Rac1 Rf4 24. Qc5 Qg5 25. Kh1 R4f5 26. Nd3 Bh5 27. f4 Qh6 28. Qxa7
Bg6 29. Qg1 Rh5 30. Rxe6 Rh4 31. f5 Rxf5 32. Rc8+ Rf8 33. Rxf8+ Kxf8 34. Qc5+ Kf7
35. Qe7+ Kg8 36. Qd8+ Kf7 37. Qe8# 1-0

[Event "2024 British Rapidplay Championship"]
[Site "Holiday Inn Peterborough - West"]
[Date "2024.03.03"]
[Round "10.50"]
[White "Patel, Keatan"]
[Black "Birtwistle, Nigel"]
[Result "0-1"]
[WhiteFideId "477613"]
[BlackFideId "406945"]
[WhiteElo "1779"]
[BlackElo "2114"]
[EventDate "2024.03.02"]

1. e4 c5 2. Nf3 g6 3. d4 Bg7 4. Be3 cxd4 5. Nxd4 Nf6 6. f3 O-O 7. Nc3 Nc6 8. Qd2
d5 9. exd5 Nxd5 10. Nxd5 Qxd5 11. Nxc6 Qxc6 12. c3 Bf5 13. O-O-O Qa4 14. b3 Qa3+
15. Qb2 Qa5 16. b4 Qc7 17. Bd4 Bh6+ 18. Rd2 e5 19. Bc5 Rfd8 20. Bb5 Rxd2 21. Qxd2
Bxd2+ 22. Kxd2 Rd8+ 23. Ke3 b6 0-1

[Event "2024 British Rapidplay Championship"]
[Site "Holiday Inn Peterborough - West"]
[Date "2024.03.03"]
[Round "10.51"]
[White "Milewska, Agnieszka"]
[Black "Brett, Andrew R"]
[Result "0-1"]
[WhiteFideId "1196391"]
[BlackFideId "416460"]
[WhiteElo "1823"]
[BlackElo "2119"]
[EventDate "2024.03.02"]

1. d4 Nf6 2. c4 e6 3. Nf3 d5 4. e3 Nbd7 5. Nc3 c6 6. cxd5 exd5 7. Be2 Bd6 8. O-O
O-O 9. h3 Re8 10. b3 b6 11. Bb2 Bb7 12. Rc1 Rc8 13. Bd3 Qe7 14. Re1 Ne4 15. Qc2 f5
16. Ne2 Rf8 17. Nf4 Rce8 18. Nd2 g5 19. Bxe4 fxe4 20. Ne2 Qf6 21. Rf1 g4 22. hxg4
Qh4 23. g3 Qxg4 24. Nf4 Bxf4 25. exf4 e3 26. Kg2 exd2 27. Rh1 Nf6 28. Qxd2 Re2 29.
Qd1 Qe6 30. Ba3 Re8 31. Rf1 Ng4 32. Rc3 Ne3+ 0-1

[Event "2024 British Rapidplay Championship"]
[Site "Holiday Inn Peterborough - West"]
[Date "2024.03.03"]
[Round "10.52"]
[White "Li, Xiaofan"]
[Black "Ledger, Stephen C"]
[Result "0-1"]
[WhiteFideId "343432689"]
[BlackFideId "404470"]
[WhiteElo "1771"]
[BlackElo "1983"]
[EventDate "2024.03.02"]

1. e4 c5 2. Nf3 Nc6 3. g3 g6 4. Nc3 Bg7 5. Bg2 e6 6. d3 Nge7 7. Be3 b6 8. O-O O-O
9. Qd2 Bb7 10. Bh6 Nd4 11. Bxg7 Kxg7 12. Nxd4 cxd4 13. Ne2 Nc6 14. f4 f6 15. c3 dxc3
16. bxc3 Rc8 17. f5 e5 18. c4 Qe7 19. g4 Qc5+ 20. Kh1 Nd4 21. Nxd4 Qxd4 22. g5 gxf5
23. gxf6+ Rxf6 24. Qg5+ Rg6 25. Qxf5 Rg8 26. Rad1 Kh8 27. Qf2 Rxg2 28. Qxg2 Rxg2
29. Kxg2 Kg7 30. Kh1 Bc6 31. h3 b5 32. cxb5 Bxb5 33. Rf5 Bxd3 34. Rg1+ Kh6 35. Rf6+
Kh5 36. Rf5+ Kh4 37. Kh2 Qb2+ 38. Rg2 Qxg2+ 0-1

[Event "2024 British Rapidplay Championship"]
[Site "Holiday Inn Peterborough - West"]
[Date "2024.03.03"]
[Round "10.54"]
[White "Fraser-Mitchell, Jeremy N"]
[Black "Kennedy, Aden"]
[Result "0-1"]
[WhiteFideId "405000"]
[BlackFideId "343401015"]
[WhiteElo "1984"]
[BlackElo "1639"]
[EventDate "2024.03.02"]

1. f4 d5 2. Nf3 c5 3. g3 Nf6 4. Bg2 Nc6 5. O-O g6 6. d3 Bg7 7. c3 O-O 8. Qe1 Re8
9. Ne5 Nxe5 10. fxe5 Ng4 11. d4 cxd4 12. cxd4 Qb6 13. e3 e6 14. Nc3 Bd7 15. h3 Nh6
16. g4 Bb5 17. Rf2 Bf8 18. a3 Be7 19. Nxb5 Qxb5 20. e4 Kg7 21. exd5 exd5 22. Be3
Bh4 23. Bxh6+ Kxh6 24. Qc1+ Bg5 25. Qc7 Be3 26. Raf1 Bxd4 27. Qc1+ Kg7 28. Qf4 Bxf2+
29. Rxf2 Qd7 30. Qf6+ Kg8 31. Rd2 Qe6 32. Rxd5 Qxf6 33. exf6 Rad8 34. Kf2 Rxd5 35.
Bxd5 Rd8 36. Bxb7 Rd2+ 37. Kg3 Rxb2 38. Bd5 Rd2 39. Bc4 Rc2 0-1

[Event "2024 British Rapidplay Championship"]
[Site "Holiday Inn Peterborough - West"]
[Date "2024.03.03"]
[Round "10.55"]
[White "Mitraka, Chrysa"]
[Black "Green, Michael"]
[Result "0-1"]
[WhiteFideId "2409968"]
[BlackFideId "437514"]
[WhiteElo "1612"]
[BlackElo "1894"]
[EventDate "2024.03.02"]

1. d4 Nf6 2. c4 c5 3. d5 e6 4. Nc3 exd5 5. cxd5 d6 6. e4 g6 7. Bd3 Bg7 8. f4 O-O
9. Nf3 Bg4 10. O-O a6 11. h3 Bxf3 12. Qxf3 b5 13. Bd2 Nbd7 14. Rae1 Re8 15. Bc1 Rb8
16. Re2 Qc7 17. Rfe1 c4 18. Bc2 b4 19. Nd1 Re7 20. Bd2 a5 21. a3 Qc5+ 22. Be3 Qb5
23. a4 Qa6 24. Bd4 Ne8 25. Bxg7 Qb6+ 26. Kh1 Kxg7 27. e5 Qd4 28. Qe3 Qxe3 29. Rxe3
Nc5 30. b3 c3 31. Nf2 Rd8 32. Nd3 Nb7 33. e6 f5 34. Nf2 Nf6 35. Rd1 Ng8 36. Kg1 Rc7
37. Kh1 Ne7 38. Kg1 Nc5 39. Kh1 Nb7 40. Kg1 Rc5 41. Red3 Rcc8 42. Re3 Nc5 43. Kh1
Na6 44. Kg1 Rc5 45. Red3 Nc7 0-1

[Event "2024 British Rapidplay Championship"]
[Site "Holiday Inn Peterborough - West"]
[Date "2024.03.03"]
[Round "10.56"]
[White "Mokhber-Garcia, Sebastian"]
[Black "Amir, Zain"]
[Result "1/2-1/2"]
[WhiteFideId "499269"]
[BlackFideId "473227"]
[WhiteElo "1909"]
[BlackElo "1689"]
[EventDate "2024.03.02"]

1. e4 Nc6 2. d4 d5 3. exd5 Qxd5 4. Nf3 Bg4 5. Be2 O-O-O 6. Nc3 Qh5 7. O-O e5 8. h3
Bxf3 9. Bxf3 Qg6 10. d5 Nf6 11. Re1 Bb4 12. Bd2 Bxc3 13. Bxc3 e4 14. Bxf6 exf3 15.
Qxf3 Qxf6 16. Qxf6 gxf6 17. dxc6 bxc6 18. Re7 Rd7 19. Rae1 Kd8 20. Rxd7+ Kxd7 21.
f4 Rb8 22. b3 Rb4 23. g3 Rd4 24. Kf2 Rd2+ 25. Re2 Rd1 26. Ke3 Kd6 27. Rd2+ Rxd2 28.
Kxd2 Kd5 29. Kd3 f5 30. b4 a6 31. c4+ Kd6 32. Kd4 h5 33. h4 f6 34. a3 c5+ 35. Kc3
cxb4+ 36. Kxb4 Kc6 37. c5 Kb7 38. Kc4 c6 1/2-1/2

[Event "2024 British Rapidplay Championship"]
[Site "Holiday Inn Peterborough - West"]
[Date "2024.03.03"]
[Round "10.57"]
[White "Dhingra, Kanvansh"]
[Black "Leung, Hao Ran"]
[Result "1-0"]
[WhiteFideId "33401500"]
[BlackFideId "6012620"]
[WhiteElo "1592"]
[BlackElo "1865"]
[EventDate "2024.03.02"]

1. e4 c6 2. d4 d5 3. exd5 cxd5 4. c3 Nc6 5. f4 Nf6 6. Nf3 Bg4 7. Bd3 Bxf3 8. Qxf3
Rc8 9. O-O e6 10. Qe2 Bd6 11. f5 Qe7 12. fxe6 Qxe6 13. Qf3 Ne4 14. Nd2 O-O 15. Nxe4
dxe4 16. Bxe4 Rce8 17. Bd3 Qd7 18. Qh5 g6 19. Qh6 Qe6 20. Bd2 f5 21. Rae1 Qxa2 22.
Rxe8 Rxe8 23. Bxf5 Qf7 24. Bd3 Qe6 25. Qh4 Be7 26. Qg3 Bd6 27. Qg5 Be7 28. Qb5 Qd7
29. Bc4+ Kh8 30. Rf7 Rf8 31. Rxf8+ Bxf8 32. Bg5 Bg7 33. d5 Ne5 34. Qxd7 Nxd7 35.
Be3 b6 36. Bb5 Ne5 37. d6 Nf7 38. d7 Bf6 39. Bc4 Ne5 40. Be6 Kg7 41. Bd4 Nc6 42.
Bd5 Bxd4+ 43. cxd4 Nd8 44. Kf2 Kf6 45. Bb3 Ke7 46. Ba4 a6 47. Bb3 Kxd7 48. Bg8 h6
49. Bh7 g5 50. Bf5+ Kd6 51. Ke3 Kd5 52. Be4+ Kd6 53. Kd3 Ne6 54. g3 a5 55. Kc4 Nc7
56. Bf3 b5+ 57. Kd3 Na6 58. Ke4 Nb4 59. Be2 Kc6 60. Ke5 Na6 61. Bf3+ Kd7 62. Be2
Nc7 63. d5 Kd8 64. Kd6 b4 65. Kc5 Kd7 66. Bg4+ Kd8 67. d6 Ne8 68. d7 Nf6 69. Bf5
Nxd7+ 70. Bxd7 Kxd7 71. Kb5 Kd6 72. Kxa5 Kc5 73. b3 Kc6 74. Kxb4 Kb6 75. Kc4 Kc6
76. b4 Kb6 77. b5 Kc7 78. Kc5 Kb7 79. b6 g4 80. Kb5 Kb8 81. Kc6 Kc8 82. Kd6 Kb7 83.
Ke6 Kxb6 84. Kf6 Kc5 85. Kg6 Kd5 86. Kxh6 Ke5 87. Kg5 Ke6 88. Kxg4 Kf6 89. Kh5 Kg7
90. Kg5 Kh7 91. Kf6 Kg8 92. h4 Kh8 93. g4 1-0

[Event "2024 British Rapidplay Championship"]
[Site "Holiday Inn Peterborough - West"]
[Date "2024.03.03"]
[Round "10.58"]
[White "Kaushik, Madhav"]
[Black "Killeen, Robert T"]
[Result "0-1"]
[WhiteFideId "499986"]
[BlackFideId "343444466"]
[WhiteElo "1559"]
[BlackElo "1945"]
[EventDate "2024.03.02"]

1. e4 e5 2. Nf3 Nc6 3. Bb5 a6 4. Ba4 Nf6 5. O-O Nxe4 6. d4 b5 7. Bb3 d5 8. dxe5 Be6
9. c3 Be7 10. Nbd2 Nc5 11. Bc2 d4 12. cxd4 Nxd4 13. Ne4 Nxc2 14. Qxc2 Nxe4 15. Qxe4
O-O 16. Bf4 Bd5 17. Qe3 c6 18. Rfd1 Qc8 19. Rac1 Qg4 20. Rd4 Qg6 21. Bg5 Bxf3 22.
Qxf3 Bxg5 23. Rxc6 Qb1+ 24. Rd1 Qxb2 25. h4 Be7 26. Rd7 Qxe5 27. Rcc7 Bd6 28. Rb7
Qe1# 0-1

[Event "2024 British Rapidplay Championship"]
[Site "Holiday Inn Peterborough - West"]
[Date "2024.03.03"]
[Round "10.59"]
[White "Kairat, Alexander"]
[Black "Grigoryan, Meri"]
[Result "1-0"]
[WhiteFideId "498629"]
[BlackFideId "13300571"]
[WhiteElo "1723"]
[BlackElo "1957"]
[EventDate "2024.03.02"]

1. e4 d5 2. exd5 Nf6 3. Nf3 Bg4 4. Be2 Nxd5 5. d4 e6 6. c4 Nf6 7. Nc3 c6 8. O-O Be7
9. Be3 O-O 10. Ne5 Bf5 11. Qb3 Qb6 12. h3 Nbd7 13. Nxd7 Nxd7 14. d5 Bc5 15. Qxb6
Bxb6 16. dxc6 bxc6 17. Bf4 e5 18. Be3 Bxe3 19. fxe3 Be6 20. Rfd1 Nb6 21. b3 Rfd8
22. Bf3 Bd7 23. Rd6 Be8 24. Rad1 Rxd6 25. Rxd6 Rc8 26. c5 Na8 27. b4 Kf8 28. Kf2
Ke7 29. Ke2 g6 30. g4 f5 31. gxf5 gxf5 32. Rh6 Bg6 33. Bh5 Kf6 34. Bxg6 hxg6 35.
Rh7 Nc7 36. Rd7 a6 37. Rd6+ Ne6 38. Na4 Ke7 39. Nb6 Rc7 40. Nc4 f4 41. Nxe5 fxe3
42. Kxe3 Nd8 43. h4 Nf7 44. Rxc6 Rxc6 45. Nxc6+ Ke6 46. Nd4+ Kd5 47. Kd3 Ne5+ 48.
Kc3 Ng4 49. c6 Nf2 50. a4 Ne4+ 51. Kd3 Nf2+ 52. Ke3 Ng4+ 53. Kf4 1-0

[Event "2024 British Rapidplay Championship"]
[Site "Holiday Inn Peterborough - West"]
[Date "2024.03.03"]
[Round "10.60"]
[White "Tart, Peter K"]
[Black "Jacklin, Sam"]
[Result "1/2-1/2"]
[WhiteFideId "471070"]
[BlackFideId "343414850"]
[WhiteElo "1987"]
[BlackElo "1723"]
[EventDate "2024.03.02"]

1. e4 c6 2. d4 d5 3. Bd3 dxe4 4. Bxe4 Nf6 5. Bf3 Bf5 6. g4 Be4 7. g5 Bxf3 8. Nxf3
Nd5 9. c4 Nb6 10. Qe2 e6 11. Nc3 Be7 12. Bf4 N8d7 13. a4 a5 14. O-O O-O 15. Rfe1
Re8 16. c5 Nd5 17. Nxd5 cxd5 18. Qb5 Qc8 19. Rac1 Nb8 20. h4 Nc6 21. Qe2 Bd8 22.
Kg2 Bc7 23. Qd2 Qb8 24. Bxc7 Qxc7 25. Ne5 Ne7 26. f4 Nf5 27. Kh3 f6 28. gxf6 gxf6
29. Ng4 Qf7 30. c6 h5 31. Ne3 Nd6 32. Rg1+ Kh8 33. cxb7 Nxb7 34. f5 Nd6 35. Nxd5
Nxf5 36. Rc7 Qf8 37. Qe2 exd5 38. Qxh5+ Qh6 39. Qxf5 Re3+ 40. Rg3 Rxg3+ 41. Kxg3
Qe3+ 42. Kh2 Qe2+ 43. Kh3 Qe3+ 44. Kh2 Qe2+ 45. Kh3 1/2-1/2

[Event "2024 British Rapidplay Championship"]
[Site "Holiday Inn Peterborough - West"]
[Date "2024.03.03"]
[Round "10.61"]
[White "Markan, Sanket"]
[Black "Young, Daniel J"]
[Result "0-1"]
[WhiteFideId "343442226"]
[BlackFideId "425184"]
[WhiteElo "1680"]
[BlackElo "1921"]
[EventDate "2024.03.02"]

1. d4 Nf6 2. c4 c5 3. d5 b5 4. cxb5 a6 5. e3 axb5 6. Bxb5 Qa5+ 7. Nc3 e6 8. dxe6
fxe6 9. Nge2 Be7 10. O-O O-O 11. Bd2 Qb6 12. e4 Nxe4 13. Nxe4 Qxb5 14. Be3 d5 15.
N2c3 Qc6 16. Bg5 Bxg5 17. Nxg5 h6 18. Nf3 d4 19. Ne2 Nd7 20. Qd3 Ba6 21. Qd2 Rxf3
22. gxf3 Qxf3 23. Rfe1 Bb7 24. Nf4 Qh1# 0-1

[Event "2024 British Rapidplay Championship"]
[Site "Holiday Inn Peterborough - West"]
[Date "2024.03.03"]
[Round "10.62"]
[White "Lees, Nicholas"]
[Black "Takvorian, Sebouh"]
[Result "1-0"]
[WhiteFideId "444073"]
[BlackFideId "430960"]
[WhiteElo "1802"]
[BlackElo "1735"]
[EventDate "2024.03.02"]

1. d4 Nf6 2. Bf4 c5 3. c3 Nd5 4. Bg3 Qb6 5. Qc1 e6 6. a3 cxd4 7. cxd4 Nc6 8. e3 Qa5+
9. Nd2 h5 10. h4 g6 11. Bc4 Nf6 12. Bd3 Bh6 13. b4 Qd8 14. b5 Ne7 15. Bc7 1-0

[Event "2024 British Rapidplay Championship"]
[Site "Holiday Inn Peterborough - West"]
[Date "2024.03.03"]
[Round "10.63"]
[White "Railwani, Tavish"]
[Black "Botteley, Michael T"]
[Result "0-1"]
[WhiteFideId "2410249"]
[BlackFideId "427411"]
[WhiteElo "1714"]
[BlackElo "1896"]
[EventDate "2024.03.02"]

1. e4 c6 2. d4 d5 3. exd5 cxd5 4. Bd3 Nc6 5. Nf3 g6 6. O-O Bg7 7. c3 Nf6 8. Bf4 O-O
9. Nbd2 Bf5 10. Bxf5 gxf5 11. Qe2 e6 12. Ne5 Qb6 13. Ndf3 Rfd8 14. Rab1 Ne4 15. Nxc6
bxc6 16. Ne5 f6 17. Nd3 Re8 18. f3 e5 19. fxe4 fxe4 20. Be3 exd3 21. Qxd3 e4 22.
Qe2 Re6 23. Qg4 Rae8 24. Rf5 Qb7 25. Rh5 Qf7 26. Rf1 R8e7 27. Rh3 Qg6 28. Qh4 f5
29. Rg3 Qf7 30. Bg5 Rd7 31. Qf4 c5 32. dxc5 d4 33. cxd4 Bxd4+ 34. Kh1 Kh8 35. Qxf5
Qxf5 36. Rf2 Qf4 37. Rxf4 Bg7 38. Rf1 h6 39. Bc1 Rf6 40. Rg1 Rf2 41. Rb3 Rc7 42.
Rb5 Bd4 43. Bxh6 Rxc5 44. Rxc5 Bxc5 45. Bc1 e3 46. h3 e2 47. Bd2 Rf1 48. Bc3+ Kh7
49. Kh2 Bxg1+ 50. Kg3 Bf2+ 51. Kf3 e1=Q 52. Bxe1 Bxe1+ 53. Ke2 Rg1 54. g4 Bh4 55.
a4 Rb1 56. Kf3 Kg6 57. Kf4 Rxb2 58. g5 Bxg5+ 59. Kg4 Rb4+ 60. Kg3 Rxa4 61. h4 Bxh4+
62. Kh3 Rb4 63. Kg2 Rb3 64. Kh2 a5 65. Kg2 a4 66. Kh2 a3 67. Kg2 a2 68. Kh2 a1=Q
69. Kg2 Qa2+ 70. Kh1 Rb1# 0-1

[Event "2024 British Rapidplay Championship"]
[Site "Holiday Inn Peterborough - West"]
[Date "2024.03.03"]
[Round "10.64"]
[White "Knox, Edward"]
[Black "Nezis, Anastasios"]
[Result "0-1"]
[WhiteFideId "343432328"]
[BlackFideId "424471"]
[WhiteElo "1661"]
[BlackElo "1912"]
[EventDate "2024.03.02"]

1. d4 d6 2. e4 Nf6 3. Nc3 c6 4. Nf3 Bg4 5. Be2 e6 6. O-O Be7 7. h3 Bxf3 8. Bxf3 O-O
9. Bf4 d5 10. e5 Nfd7 11. Ne2 c5 12. c3 Nc6 13. Be3 b5 14. g4 a5 15. a4 b4 16. Qd2
bxc3 17. bxc3 cxd4 18. cxd4 Nb6 19. Rfc1 Nc4 20. Rxc4 dxc4 21. Bxc6 Rc8 22. Bb5 c3
23. Qc2 Bb4 24. g5 Kh8 25. h4 f6 26. Bd3 f5 27. Nf4 Qe7 28. Kh2 g6 29. Kg3 Kg7 30.
Rh1 Rh8 31. h5 Kf7 32. h6 Qxg5+ 33. Kh2 Qxh6+ 34. Nh3 Qf8 35. Ng5+ Ke7 36. Ba6 Rc7
37. Bb5 f4 38. Bc1 Qf5 39. Qxf5 gxf5 40. Bxf4 c2 41. Bc1 h6 42. Nf3 Rc3 43. Ne1 Rhc8
44. Nd3 Ba3 45. Bxa3+ Rxa3 46. Nc5 Rc3 47. Rc1 Rd8 48. Nb7 Rxd4 49. Nxa5 Rd1 50.
Rxd1 cxd1=Q 0-1

[Event "2024 British Rapidplay Championship"]
[Site "Holiday Inn Peterborough - West"]
[Date "2024.03.03"]
[Round "10.65"]
[White "Pradhan, Ayan"]
[Black "Iyengar, Srihari R"]
[Result "1/2-1/2"]
[WhiteFideId "498319"]
[BlackFideId "441970"]
[WhiteElo "1622"]
[BlackElo "1889"]
[EventDate "2024.03.02"]

1. e4 d6 2. d4 Nd7 3. Nc3 e5 4. dxe5 Nxe5 5. Bf4 Be7 6. Bxe5 dxe5 7. Qxd8+ Bxd8 8.
Nf3 f6 9. O-O-O c6 10. Bc4 Ne7 11. Bb3 Bg4 12. Na4 b6 13. Nc3 Bxf3 14. gxf3 g5 15.
h4 Ng6 16. hxg5 fxg5 17. Rd6 Rc8 18. Rhd1 Be7 19. Rd7 Rd8 20. Rxd8+ Bxd8 21. a4 Ke7
22. Ne2 Rf8 23. Ng3 Nh4 24. Rd3 Rxf3 25. Nf5+ Ke8 26. Nd6+ Kf8 27. Rd2 Be7 28. Nc8
Rf6 29. Nxa7 Nf3 30. Rd7 Nd4 31. Nc8 Nxb3+ 32. cxb3 Rf7 33. Nxb6 Rxf2 34. a5 Bc5
35. Nc4 Rf7 36. Rd8+ Ke7 37. Rg8 Kf6 38. Kd2 Rf8 39. Rxf8+ Bxf8 40. a6 Bc5 41. Ke2
h5 42. Kf3 Ke6 43. b4 Ba7 44. b5 cxb5 45. Na3 b4 46. Nb5 Bb6 47. a7 Bxa7 48. Nxa7
Kd7 49. Kg3 Kd6 50. Nc8+ Kc5 51. Ne7 Kd4 52. Nc6+ Kxe4 53. Nxb4 Kd4 54. Nc6+ Kd5
55. Nb4+ Kc4 56. Nc2 Kb3 57. Ne3 e4 58. Nf5 Kxb2 59. Nd6 e3 60. Nc4+ Kc3 61. Nxe3
Kd3 62. Nf5 Ke4 63. Ng7 h4+ 64. Kg4 Ke5 65. Nf5 h3 66. Ng3 h2 67. Kxg5 1/2-1/2